| 000 | 00455nam a2200181Ia 4500 | ||
|---|---|---|---|
| 001 | 22666 | ||
| 005 | 20260414150846.0 | ||
| 008 | 260414t2005||||xx |||||||||||||| ||spa|| | ||
| 041 | _aESP | ||
| 082 |
_a621.384 _bC28 |
||
| 100 |
_aCarranza, Gustavo E. _eAUT |
||
| 245 | 0 |
_aElementos de diseño electrónico en radiofrecuencias _b |
|
| 260 | _c2005 | ||
| 300 |
_a174 páginas : _c25 cm. |
||
| 650 | _aTCA | ||
| 654 | _aCET | ||
| 942 |
_cLIB _dJUS _fJUS _2ddc _n |
||
| 999 |
_c22666 _d22666 |
||